| 000 | 00422nam a22001697a 4500 | ||
|---|---|---|---|
| 003 | SISC | ||
| 005 | 20190620131336.0 | ||
| 008 | 140402b xxu||||| |||| 00| 0 eng d | ||
| 020 | _a9780563534778 | ||
| 050 |
_aPR 2894 _b.W66 2003 |
||
| 100 | _aWood, Michael | ||
| 245 | _aIn search of Shakespeare/ | ||
| 260 |
_aLondon ; _bBBC, _c2003. |
||
| 300 |
_a352 p. : _bill. col. ; _c23 cm. |
||
| 942 |
_2lcc _cBK |
||
| 999 |
_c58099 _d58099 |
||